[Event "Championnat de France - Open A"]
[Site "Pau"]
[Date "2008.08.20"]
[Round "8.10"]
[White "Garro, Pierre"]
[Black "Ider, Borya"]
[Result "1/2-1/2"]
[WhiteElo "2140"]
[BlackElo "2065"]
[PlyCount "110"]

1. e4 c6 2. c4 d5 3. exd5 cxd5 4. cxd5 Nf6 5. Qa4+ Nbd7 6. Nc3 g6 7. Nf3 Bg7 8.
Bc4 O-O 9. d3 a6 10. Qa3 Nb6 11. Qb3 Qc7 12. Be3 Nbd7 13. Qa3 Ne5 14. Nxe5 Qxe5
15. d4 Qc7 16. Qc5 Qd8 17. a4 b6 18. Qb4 Bb7 19. Qb3 Qc7 20. Ne2 Rac8 21. Rc1
Qd6 22. Bf4 Qd7 23. Be5 Nxd5 24. Bxg7 Kxg7 25. h4 h5 26. Rh3 Qd6 27. Rf3 Nf6
28. Rg3 Ne4 29. Rh3 e6 30. Rd1 Qc6 31. Rc1 Qd6 32. Rd1 Rfd8 33. Ng1 Qc7 34. Be2
Bd5 35. Qe3 Qd6 36. Bd3 Qb4+ 37. Kf1 Nf6 38. Bxa6 Qxa4 39. Be2 Ng4 40. Qa3 Qc6
41. Nf3 Qc2 42. Ne1 Qf5 43. Bf3 e5 44. Bxg4 Qxg4 45. f3 Bc4+ 46. Kf2 Qf4 47.
Qe3 Qf5 48. Rd2 exd4 49. Rxd4 Qb5 50. Rxd8 Rxd8 51. Qc3+ Kh7 52. f4 Be6 53. Re3
Qf5 54. g3 Rc8 55. Qe5 Qxe5 1/2-1/2

[Event "Championnat de France - Open A"]
[Site "Pau"]
[Date "2008.08.20"]
[Round "8.11"]
[White "Beghin, Ronan"]
[Black "Millon, Valentin"]
[Result "1/2-1/2"]
[WhiteElo "2110"]
[BlackElo "1991"]
[PlyCount "88"]

1. e4 c5 2. Nf3 e6 3. d4 cxd4 4. Nxd4 Nc6 5. Nc3 Qc7 6. Be3 a6 7. Be2 Nf6 8.
O-O Bb4 9. Na4 Be7 10. Nxc6 bxc6 11. Nb6 Rb8 12. Nxc8 Qxc8 13. Bd4 c5 14. Be5
Rb6 15. Qd3 d6 16. Bc3 O-O 17. b3 d5 18. exd5 Nxd5 19. Be5 Rd8 20. Qe4 Bf6 21.
Rad1 Bxe5 22. Qxe5 Qb8 23. Qg5 h6 24. Qh4 Rbd6 25. Bf3 Nc3 26. Rxd6 Qxd6 27. h3
Qd2 28. Qe7 Qg5 29. Qb7 Rd2 30. Qxa6 Qe5 31. a4 Rxc2 32. a5 Rb2 33. Qb7 c4 34.
a6 Nb5 35. a7 Nxa7 36. Qxa7 cxb3 37. Qa8+ Kh7 38. Qe4+ Qxe4 39. Bxe4+ f5 40.
Rb1 Rd2 41. Bf3 b2 42. Bd1 e5 43. Kf1 e4 44. g3 g5 1/2-1/2

[Event "Championnat de France - Open A"]
[Site "Pau"]
[Date "2008.08.20"]
[Round "8.12"]
[White "Fejzovski, Ekrem"]
[Black "Guezennec, Franck"]
[Result "0-1"]
[WhiteElo "2093"]
[BlackElo "2190"]
[PlyCount "114"]

1. d4 Nf6 2. Nf3 e6 3. g3 b6 4. Bg2 Bb7 5. O-O Be7 6. b3 O-O 7. Bb2 d5 8. Nbd2
c5 9. e3 Nbd7 10. Ne5 Qc7 11. f4 Rac8 12. Rc1 c4 13. c3 b5 14. g4 Nxe5 15. fxe5
Nd7 16. g5 Bxg5 17. Ba3 Bxe3+ 18. Kh1 Qa5 19. Bxf8 Rxf8 20. Rc2 Bh6 21. bxc4
bxc4 22. Nxc4 Qa4 23. Nd6 Ba6 24. Rf3 f5 25. exf6 Nxf6 26. c4 dxc4 27. Rfc3 Nd5
28. Bxd5 exd5 29. Qg4 Bc8 30. Nxc8 Qe8 31. Re2 Qxc8 32. Qxc8 Rxc8 33. Re7 Bd2
34. Ra3 Bb4 35. Raxa7 Bxe7 36. Rxe7 c3 37. Re1 Rc4 38. Rc1 Rxd4 39. Rxc3 Rd1+
40. Kg2 Rd2+ 41. Kg3 Rxa2 42. Rd3 Ra5 43. Kf4 Kf7 44. Ke5 Ra2 45. Rh3 Re2+ 46.
Kxd5 h6 47. Rf3+ Kg6 48. Rg3+ Kh7 49. h3 g5 50. Kd4 Kg6 51. Re3 Rxe3 52. Kxe3
Kf5 53. Kf3 h5 54. h4 g4+ 55. Kg3 Ke4 56. Kg2 Kf4 57. Kh2 Kf3 0-1

[Event "Championnat de France - Open A"]
[Site "Pau"]
[Date "2008.08.20"]
[Round "8.13"]
[White "Prodhomme, Boris"]
[Black "Koch, Alain"]
[Result "1-0"]
[WhiteElo "2151"]
[BlackElo "2090"]
[PlyCount "95"]

1. d4 d5 2. c4 e6 3. Nc3 Nf6 4. cxd5 exd5 5. Bg5 Be7 6. Qc2 Nc6 7. e3 h6 8. Bh4
a6 9. a3 O-O 10. Bd3 Be6 11. b4 Nb8 12. Nge2 Nh5 13. Bxe7 Qxe7 14. Na4 b6 15.
Rc1 Ra7 16. Qb3 Qd6 17. O-O f5 18. Ng3 Nxg3 19. hxg3 Nd7 20. Rc3 b5 21. Nc5 Nb6
22. a4 Nc4 23. Ra1 c6 24. Rc2 Bc8 25. axb5 cxb5 26. Rca2 Rf6 27. Qd1 g6 28. Qf3
Kg7 29. Bxc4 dxc4 30. Ra5 Qb6 31. Qf4 g5 32. Qe5 Kf7 33. d5 Qd6 34. Qd4 Qb6 35.
Rd1 Kg6 36. d6 Rff7 37. Qe5 Qc6 38. d7 Raxd7 39. Rxd7 Rxd7 40. Nxd7 Qxd7 41.
Ra1 Bb7 42. Kf1 Qd3+ 43. Ke1 Qb3 44. Rd1 Qxb4+ 45. Kf1 Kh5 46. g4+ Kxg4 47. Qh2
Bxg2+ 48. Kxg2 1-0

[Event "Championnat de France - Open A"]
[Site "Pau"]
[Date "2008.08.20"]
[Round "8.14"]
[White "Fernandez, Laura"]
[Black "Ralle, Pierre"]
[Result "1-0"]
[WhiteElo "2003"]
[BlackElo "2113"]
[PlyCount "63"]

1. e4 c5 2. Nf3 d6 3. d4 cxd4 4. Nxd4 Nf6 5. Nc3 g6 6. Bc4 Bg7 7. Bb3 O-O 8. f3
Nc6 9. Be3 Bd7 10. Qd2 Nxd4 11. Bxd4 a5 12. a4 Bc6 13. h4 Nd7 14. h5 e5 15. Be3
Nc5 16. Bc4 Re8 17. hxg6 hxg6 18. Bh6 Bf6 19. Qf2 Bg5 20. Qg3 d5 21. Bxg5 f6
22. Nxd5 fxg5 23. Qh3 Bxd5 24. Bxd5+ Kf8 25. Qh6+ Ke7 26. Qxg6 Rh8 27. Qg7+ Kd6
28. O-O-O Rxh1 29. Rxh1 Nxa4 30. Bxb7 Qb8 31. Qf6+ Kc5 32. Qc6+ 1-0

[Event "Championnat de France - Open A"]
[Site "Pau"]
[Date "2008.08.20"]
[Round "8.15"]
[White "Vuillermoz, Robert"]
[Black "Duchateau, Thomas"]
[Result "1/2-1/2"]
[WhiteElo "2105"]
[BlackElo "2088"]
[PlyCount "43"]

1. e4 g6 2. d4 Bg7 3. Nc3 d6 4. Be3 a6 5. Nf3 Nd7 6. Be2 b5 7. O-O Bb7 8. d5
Ngf6 9. a3 c5 10. Nd2 O-O 11. f4 e6 12. dxe6 fxe6 13. f5 exf5 14. exf5 Qe8 15.
Bf4 Nd5 16. Nxd5 Bxd5 17. Bf3 Rxf5 18. g4 Bxf3 19. Qxf3 Rf7 20. Rae1 Qc8 21.
Ne4 Ne5 22. Qg3 1/2-1/2

[Event "Championnat de France - Open A"]
[Site "Pau"]
[Date "2008.08.20"]
[Round "8.16"]
[White "Gozzoli, Cyrille"]
[Black "Forestier, Carole"]
[Result "1/2-1/2"]
[WhiteElo "2104"]
[BlackElo "2067"]
[PlyCount "48"]

1. d4 d5 2. Nf3 Nf6 3. Bf4 c5 4. c3 Nc6 5. e3 Qb6 6. Qc1 Bf5 7. Nbd2 Rc8 8. Be2
cxd4 9. Nxd4 Nxd4 10. exd4 e6 11. O-O Bd6 12. Bb5+ Ke7 13. Bxd6+ Qxd6 14. Nf3
a6 15. Ba4 Rhd8 16. Bc2 Bxc2 17. Qxc2 b5 18. a3 Kf8 19. Ne5 a5 20. f4 Qb6 21.
f5 Qxd4+ 22. cxd4 Rxc2 23. fxe6 fxe6 24. b4 a4 1/2-1/2

[Event "Championnat de France - Open A"]
[Site "Pau"]
[Date "2008.08.20"]
[Round "8.17"]
[White "Carrasco, Patrick"]
[Black "Ruffenach, Alain"]
[Result "0-1"]
[WhiteElo "2087"]
[BlackElo "2100"]
[PlyCount "78"]

1. e4 g6 2. d4 Bg7 3. Nc3 d6 4. h3 Nf6 5. Be3 Nbd7 6. f4 e5 7. dxe5 dxe5 8. f5
O-O 9. g4 Qe7 10. g5 Nxe4 11. Nd5 Qd8 12. f6 Ndxf6 13. gxf6 Bxf6 14. Nxf6+ Qxf6
15. Rh2 Qh4+ 16. Bf2 Nxf2 17. Rxf2 Be6 18. Nf3 Qb4+ 19. c3 Qc5 20. Rd2 b5 21.
Qe2 e4 22. Nd4 Bc4 23. Qe3 Bxf1 24. Kxf1 f5 25. Re1 Rae8 26. Rf2 f4 27. Qe2 a6
28. Qg4 Qd5 29. b4 Qc4+ 30. Kg2 Qxc3 31. Rd1 f3+ 32. Kg1 Qe3 33. h4 Rf7 34. Ne6
Rf5 35. Ng5 Qf4 36. Qxf4 Rxf4 37. Re1 Rg4+ 38. Kf1 Rxh4 39. Nxf3 exf3 0-1

[Event "Championnat de France - Open A"]
[Site "Pau"]
[Date "2008.08.20"]
[Round "8.18"]
[White "Manoeuvre, Antoine"]
[Black "Fevre, Mathieu"]
[Result "1-0"]
[WhiteElo "2095"]
[BlackElo "2032"]
[PlyCount "93"]

1. d4 Nf6 2. c4 g6 3. Nc3 Bg7 4. e4 d6 5. Be2 O-O 6. Nf3 e5 7. O-O Nc6 8. d5
Ne7 9. b4 Nd7 10. Re1 h6 11. Nd2 f5 12. Ba3 Nf6 13. c5 Rf7 14. b5 Bf8 15. cxd6
cxd6 16. Nc4 Ne8 17. Rc1 Kh7 18. Qb3 f4 19. Nxe5 dxe5 20. d6 Rg7 21. dxe7 Bxe7
22. Red1 Qa5 23. Bxe7 Rxe7 24. Nd5 Be6 25. Qb2 Bxd5 26. Rxd5 Rd8 27. Rxd8 Qxd8
28. Qa3 Nf6 29. Bf3 Rc7 30. Rd1 Rd7 31. Rxd7+ Qxd7 32. h3 Kg7 33. Qc5 Qe8 34.
a4 h5 35. Qxa7 Qc8 36. a5 Nd7 37. Kh2 Kh6 38. Be2 Qc2 39. Qxb7 Nf6 40. Qb8 Qxe2
41. Qf8+ Kh7 42. Qf7+ Kh6 43. Qxf6 Qxf2 44. Qh8+ Kg5 45. Qxe5+ Kh4 46. Qc3 g5
47. b6 1-0

[Event "Championnat de France - Open A"]
[Site "Pau"]
[Date "2008.08.20"]
[Round "8.19"]
[White "Debray, Tristan"]
[Black "Moucheroud, Jeremy"]
[Result "1-0"]
[WhiteElo "2145"]
[BlackElo "2012"]
[PlyCount "101"]

1. e4 c5 2. Nc3 Nc6 3. g3 g6 4. Bg2 Bg7 5. d3 e6 6. Be3 d6 7. Qd2 Rb8 8. f4 e5
9. fxe5 Nxe5 10. h3 b5 11. Nge2 Ne7 12. g4 b4 13. Nd5 Nxd5 14. exd5 h5 15. g5
O-O 16. O-O a5 17. b3 Re8 18. Rae1 Nd7 19. Bf4 Qb6 20. Kh2 Bb7 21. Ng3 Be5 22.
Bxe5 Rxe5 23. Qf4 Rf8 24. Ne4 Kh7 25. Nf6+ Nxf6 26. Qxf6 Rxe1 27. Rxe1 Kg8 28.
Re7 c4 29. dxc4 Bc8 30. Qf4 Bf5 31. Re2 Qc5 32. Qf2 Qxf2 33. Rxf2 Re8 34. Rd2
Kf8 35. c5 dxc5 36. d6 Bd7 37. Rd5 Rc8 38. Bf1 Ke8 39. Re5+ Be6 40. Bb5+ Kd8
41. Kg3 Bd7 42. Bc4 Rc6 43. Bxf7 Rxd6 44. Rxc5 Ke7 45. Bc4 Bf5 46. Rxa5 Bxc2
47. a4 Bxb3 48. Ra7+ Kf8 49. Rf7+ Ke8 50. Bxb3 Rd3+ 51. Rf3 1-0

[Event "Championnat de France - Open A"]
[Site "Pau"]
[Date "2008.08.20"]
[Round "8.20"]
[White "Jactel, Nicolas"]
[Black "Favarel, Antoine"]
[Result "0-1"]
[WhiteElo "2141"]
[BlackElo "2074"]
[PlyCount "72"]

1. e4 c5 2. Nf3 Nc6 3. Bb5 g6 4. O-O Bg7 5. c3 e5 6. d4 cxd4 7. cxd4 exd4 8.
Bf4 a6 9. Bc4 d6 10. Nbd2 Nge7 11. Nb3 O-O 12. Nbxd4 Nxd4 13. Nxd4 d5 14. exd5
Nxd5 15. Ne2 Nxf4 16. Nxf4 Qc7 17. Qc1 Bf5 18. Nd5 Qe5 19. Qe3 Qxe3 20. Nxe3
Be4 21. f3 Bc6 22. Rab1 Bd4 23. Rfe1 Rfe8 24. Kf2 Re7 25. Rbd1 Ba7 26. Rd3 Rae8
27. Re2 Kg7 28. g3 b5 29. Bb3 a5 30. Rc3 Bd7 31. Bd5 b4 32. Rc1 Bxe3+ 33. Rxe3
Rxe3 34. Be4 R8xe4 35. fxe4 Rxe4 36. Rc5 a4 0-1

[Event "Championnat de France - Open A"]
[Site "Pau"]
[Date "2008.08.20"]
[Round "8.21"]
[White "Iwanesko, Alexandre"]
[Black "Jeanjean, Dominique"]
[Result "0-1"]
[WhiteElo "2062"]
[BlackElo "2140"]
[PlyCount "96"]

1. e4 e5 2. Nf3 Nc6 3. Bc4 Bc5 4. d3 Nf6 5. O-O d6 6. c3 a6 7. Bb3 Bg4 8. Nbd2
Ba7 9. Re1 Qd7 10. Nf1 O-O-O 11. Be3 Be6 12. Bxa7 Nxa7 13. d4 Bxb3 14. Qxb3
exd4 15. cxd4 Rhe8 16. N1d2 Kb8 17. Rac1 Re7 18. d5 c5 19. dxc6 Nxc6 20. Re3 d5
21. e5 Ng4 22. Rec3 Ngxe5 23. Nxe5 Nxe5 24. f4 Ng6 25. g3 d4 26. Rc6 Re2 27.
Rc7 Qd5 28. Rc8+ Ka7 29. Qxd5 Rxd5 30. Rd1 Ne7 31. Re8 Rc5 32. Nb3 Rcc2 33.
Nxd4 Rg2+ 34. Kf1 Rcf2+ 35. Ke1 Rxb2 36. Kf1 Rbf2+ 37. Ke1 Rxa2 38. Kf1 Rxh2
39. Kg1 Rag2+ 40. Kf1 Rb2 41. Kg1 Nd5 42. Ne2 Rhxe2 43. Rxe2 Rxe2 44. Rxd5 Re7
45. g4 b6 46. g5 a5 47. f5 Ka6 48. Rd8 Re5 0-1

[Event "Championnat de France - Open A"]
[Site "Pau"]
[Date "2008.08.20"]
[Round "8.22"]
[White "Carre, Sylvain"]
[Black "Lewis, John"]
[Result "1-0"]
[WhiteElo "2044"]
[BlackElo "2134"]
[PlyCount "65"]

1. c4 e6 2. d4 d5 3. Nc3 c6 4. cxd5 exd5 5. Nf3 Bd6 6. Bg5 Ne7 7. e3 Bf5 8. Bd3
f6 9. Bh4 O-O 10. Bg3 Re8 11. Bxd6 Qxd6 12. O-O Nd7 13. Ne2 Nb6 14. Ng3 Bxd3
15. Qxd3 Qd7 16. h4 Nc4 17. e4 Nxb2 18. Qc2 Nc4 19. h5 Kh8 20. e5 Ng8 21. Rfe1
Re6 22. Re2 Rae8 23. Rae1 Nh6 24. Nf5 fxe5 25. Ng5 e4 26. Nxh6 Rxh6 27. Nxe4
dxe4 28. Qxc4 Qd5 29. Qxd5 cxd5 30. f3 Rxh5 31. fxe4 Kg8 32. exd5 Rxd5 33.
Rxe8+ 1-0

[Event "Championnat de France - Open A"]
[Site "Pau"]
[Date "2008.08.20"]
[Round "8.23"]
[White "Nguyen-Huu, Hoang"]
[Black "Smith, Matthieu"]
[Result "0-1"]
[WhiteElo "2129"]
[BlackElo "2064"]
[PlyCount "132"]

1. c3 d5 2. Qc2 e5 3. d3 Nc6 4. e4 Nf6 5. Nf3 Be7 6. Be2 Bg4 7. O-O O-O 8. Re1
Re8 9. Nbd2 h6 10. a3 a5 11. b3 Bc5 12. Rb1 dxe4 13. dxe4 Qe7 14. b4 axb4 15.
axb4 Bd6 16. Nc4 Be6 17. h3 Bxc4 18. Bxc4 Nd8 19. Be3 Ne6 20. g3 Kh7 21. Kg2
Red8 22. Ra1 Rxa1 23. Rxa1 c6 24. Ra7 Bb8 25. Ra2 Nd7 26. Qb3 Ndf8 27. Ra8 Bc7
28. Qa2 b5 29. Bb3 Rxa8 30. Qxa8 Qd7 31. h4 g6 32. Nh2 f5 33. exf5 gxf5 34. Nf3
f4 35. Bc2+ Kg7 36. Ba7 Qd5 37. Qe8 e4 38. Nd4 e3+ 39. Kf1 exf2 40. Nf5+ Kh8
41. Bxf2 fxg3 42. Nxg3 Bxg3 43. Bxg3 Qf3+ 44. Bf2 Qxc3 45. Bf5 Qc4+ 46. Kg1 Kg8
47. Qe7 Nf4 48. Bc5 Qf7 49. Qxf8+ Qxf8 50. Bxf8 Kxf8 51. Bd7 Ne2+ 52. Kf2 Nd4
53. Kg3 Ke7 54. Bh3 Nc2 55. Kf4 Nxb4 56. Ke5 Nd3+ 57. Kd4 Nf2 58. Bf5 Kd6 59.
Ke3 Nd1+ 60. Kf4 c5 61. Bc2 Nc3 62. Kf5 c4 63. Kg6 b4 64. Kxh6 b3 65. Bg6 Nd5
66. Kg5 c3 0-1

[Event "Championnat de France - Open A"]
[Site "Pau"]
[Date "2008.08.20"]
[Round "8.24"]
[White "Le Hetet, Nicolas"]
[Black "David, Frederic"]
[Result "1/2-1/2"]
[WhiteElo "2123"]
[BlackElo "2054"]
[PlyCount "141"]

1. e4 d5 2. exd5 Nf6 3. d4 Bg4 4. f3 Bf5 5. g4 Bg6 6. Bb5+ Nbd7 7. Nc3 a6 8.
Ba4 b5 9. Bb3 Nb6 10. a4 h5 11. g5 Nfxd5 12. Nxd5 Nxd5 13. Qe2 Rb8 14. Nh3 e6
15. Qe5 Qd6 16. Bxd5 Qxe5+ 17. dxe5 exd5 18. axb5 axb5 19. Nf4 Bxc2 20. Nxd5 c6
21. Ne3 Bb3 22. Ra6 Rc8 23. g6 Bb4+ 24. Kf2 O-O 25. Rg1 f6 26. e6 Bxe6 27. Rd1
Bc5 28. Kf1 Rfe8 29. Bd2 Bb3 30. Re1 Bxe3 31. Bxe3 Bc2 32. Kf2 Bxg6 33. Rd1
Red8 34. Rxd8+ Rxd8 35. Rxc6 Rd7 36. Rc5 Rb7 37. b4 Bf7 38. Rc8+ Kh7 39. Bc5
Kg6 40. Rd8 Kf5 41. h4 g5 42. Kg3 Bc4 43. Rf8 Rd7 44. hxg5 Kxg5 45. Be3+ Kf5
46. Rh8 Rd3 47. Rxh5+ Kg6 48. Rh6+ Kg7 49. Bc1 Bd5 50. Rh3 Rxf3+ 51. Kh4 Rf1
52. Be3 Kf7 53. Bc5 Ke6 54. Rh2 Be4 55. Rf2 Rh1+ 56. Kg3 Ke5 57. Rd2 Rb1 58.
Bd4+ Ke6 59. Kf4 f5 60. Bc5 Rf1+ 61. Rf2 Rd1 62. Rh2 Kd5 63. Rh6 Rf1+ 64. Ke3
Rf3+ 65. Ke2 Kc4 66. Rh1 Rc3 67. Rg1 Rc2+ 68. Ke3 Rc3+ 69. Kd2 Rb3 70. Rc1+ Kd5
71. Rc3 1/2-1/2

[Event "Championnat de France - Open A"]
[Site "Pau"]
[Date "2008.08.20"]
[Round "8.25"]
[White "Blachon, Pascal"]
[Black "Marchadour, Claire"]
[Result "1/2-1/2"]
[WhiteElo "2118"]
[BlackElo "2060"]
[PlyCount "171"]

1. Nf3 d5 2. c4 e6 3. d4 Nf6 4. Nc3 Be7 5. g3 O-O 6. Bg2 dxc4 7. Ne5 c5 8. dxc5
Qxd1+ 9. Nxd1 Bxc5 10. Be3 Bb4+ 11. Nc3 Nd5 12. Bd2 Nb6 13. Ne4 Be7 14. Rc1 f5
15. Ng5 Bf6 16. Nxc4 Nc6 17. b3 Nxc4 18. Rxc4 Rd8 19. Bxc6 bxc6 20. Nf3 Bb7 21.
Bc3 Bxc3+ 22. Rxc3 Rd5 23. Re3 Re8 24. Ne5 c5 25. f3 Red8 26. Kf2 Rd2 27. Nd3
Rxa2 28. Nxc5 Bd5 29. Nxe6 Bxe6 30. Rxe6 Kf7 31. Re3 Rb8 32. Rc1 Rb7 33. Rc4
Rb2 34. Rec3 R2xb3 35. Rxb3 Rxb3 36. Rc7+ Kf6 37. Rxa7 Rb6 38. h4 Re6 39. Rb7
Kg6 40. Ra7 Kf6 41. Ra4 Rb6 42. g4 h6 43. gxf5 Kxf5 44. h5 Rb5 45. Kg3 Kf6 46.
Ra6+ Kf7 47. Kg4 Rg5+ 48. Kh4 Rg1 49. Ra5 Kf6 50. f4 Re1 51. Re5 Rg1 52. e3 Rg2
53. Kh3 Rg1 54. Kh2 Rg4 55. Ra5 Ke6 56. Kh3 Rg1 57. e4 Kf7 58. Ra7+ Kf6 59.
Ra6+ Kf7 60. e5 Kf8 61. Ra7 Ke8 62. Ra3 Kf7 63. Rg3 Rf1 64. Kg4 Ke6 65. Rg2 Rh1
66. Kf3 Kf7 67. Kg4 Ke6 68. Re2 Rg1+ 69. Kf3 Rh1 70. Ke4 Rxh5 71. Ra2 Rh1 72.
Ra6+ Kf7 73. Ra7+ Kf8 74. Kf5 Rf1 75. Ke6 g6 76. Rf7+ Kg8 77. Ke7 h5 78. e6 h4
79. f5 g5 80. Kf6 Ra1 81. Rg7+ Kh8 82. Rb7 Ra8 83. e7 Kg8 84. Rd7 Ra6+ 85. Kxg5
Kf7 86. e8=Q+ 1/2-1/2

[Event "Championnat de France - Open A"]
[Site "Pau"]
[Date "2008.08.20"]
[Round "8.26"]
[White "Grandadam, Nicolas"]
[Black "Martinet, Regis"]
[Result "1-0"]
[WhiteElo "2112"]
[BlackElo "2049"]
[PlyCount "83"]

1. Nf3 c5 2. c4 Nf6 3. d4 g6 4. Nc3 cxd4 5. Nxd4 Bg7 6. e4 Nc6 7. Be3 Ng4 8.
Qxg4 Bxd4 9. Bxd4 Nxd4 10. O-O-O d6 11. Qg3 e5 12. f4 Be6 13. fxe5 Qb6 14. exd6
O-O 15. Na4 Qb4 16. Rxd4 Qxa4 17. Kb1 Rac8 18. Be2 Rc5 19. b3 Qd7 20. h4 f6 21.
h5 g5 22. b4 Re5 23. Rc1 b6 24. Bd1 a5 25. a3 axb4 26. axb4 Ra8 27. Bb3 Qa7 28.
Qc3 Kg7 29. Rc2 Qb7 30. Qf3 g4 31. h6+ Kg6 32. Qf4 Rh5 33. Rf2 Rf8 34. d7 Rh1+
35. Kc2 Bxd7 36. Rd6 Kh5 37. Rd5+ f5 38. exf5 Rf6 39. Qd6 Rf7 40. f6+ Kh4 41.
Rb5 Bf5+ 42. Rfxf5 1-0

[Event "Championnat de France - Open A"]
[Site "Pau"]
[Date "2008.08.20"]
[Round "8.27"]
[White "Lagunes, Jean-Renaud"]
[Black "Velten, Paul"]
[Result "1-0"]
[WhiteElo "2047"]
[BlackElo "2112"]
[PlyCount "145"]

1. e4 e6 2. d4 d5 3. Nc3 Nc6 4. Nf3 Nf6 5. Bg5 Be7 6. e5 Ne4 7. Bxe7 Qxe7 8. a3
Bd7 9. Bd3 Ng5 10. Be2 O-O-O 11. Qd2 Nxf3+ 12. Bxf3 f6 13. exf6 Qxf6 14. O-O-O
Kb8 15. Rhe1 Be8 16. Bg4 Bf7 17. f4 h5 18. Bh3 Na5 19. b3 Rd6 20. Re5 Ra6 21.
Nb1 Rc8 22. g4 c5 23. g5 Qd8 24. Re3 c4 25. b4 c3 26. Rxc3 Rxc3 27. Qxc3 Rc6
28. Qd3 Nc4 29. Nd2 Qc7 30. Nxc4 Rxc4 31. Kb2 a5 32. bxa5 Qxa5 33. f5 exf5 34.
Bxf5 g6 35. Bh3 Be8 36. Bf1 Rc6 37. Rb1 Ka7 38. Qe3 Bd7 39. Be2 Bf5 40. Bd1 Qa4
41. Rc1 Be4 42. c4 Rb6+ 43. Ka2 Qd7 44. c5 Re6 45. Qd2 Qc7 46. Ba4 Bf3 47. Bb5
Be4 48. a4 Bf5 49. Ka3 Re4 50. c6 Rh4 51. cxb7 Rh3+ 52. Kb4 Qd6+ 53. Rc5 Rxh2
54. Qe1 Be4 55. Bc6 Rh3 56. Qf2 Rf3 57. Qe2 Rd3 58. Qf2 Bf3 59. Bb5 Rd1 60. Kb3
Qf4 61. b8=Q+ Kxb8 62. Qc2 Bg4 63. Ba6 Qd6 64. Rc8+ Ka7 65. Rc6 Qb8+ 66. Ka2
Qe8 67. Qc5+ Ka8 68. Bd3 Rd2+ 69. Bc2 Qe2 70. Qa5+ Kb8 71. Rb6+ Kc8 72. Qc5+
Kd8 73. Qd6+ 1-0

[Event "Championnat de France - Open A"]
[Site "Pau"]
[Date "2008.08.20"]
[Round "8.28"]
[White "Garrel, Alain"]
[Black "Ane, Cedric"]
[Result "1/2-1/2"]
[WhiteElo "2107"]
[BlackElo "2033"]
[PlyCount "27"]

1. d4 Nf6 2. Nf3 g6 3. Bg5 Bg7 4. Nbd2 d6 5. e3 Nbd7 6. c3 O-O 7. Bd3 e5 8. O-O
Qe8 9. Qc2 h6 10. Bh4 Nh5 11. e4 Nf4 12. Bg3 Nxd3 13. Qxd3 b6 14. Qc4 1/2-1/2

[Event "Championnat de France - Open A"]
[Site "Pau"]
[Date "2008.08.20"]
[Round "8.29"]
[White "Lograda, Alexis"]
[Black "Frih, Ameur"]
[Result "0-1"]
[WhiteElo "2033"]
[BlackElo "2103"]
[PlyCount "54"]

1. e4 c6 2. Nc3 d5 3. Nf3 Bg4 4. h3 Bxf3 5. Qxf3 e6 6. a3 Nd7 7. d3 Ngf6 8. g4
h6 9. Bg2 Bc5 10. O-O dxe4 11. dxe4 Ne5 12. Qg3 Qb8 13. Kh1 h5 14. g5 h4 15.
Qf4 Nh5 16. Qxh4 Ng6 17. Qg4 Nhf4 18. Ne2 Rh4 19. Qf3 Qe5 20. Nxf4 Rxf4 21.
Bxf4 Nxf4 22. Rad1 Bd6 23. Rxd6 Qxd6 24. Rd1 Qe5 25. Qg3 Ke7 26. c3 Rh8 27. Kg1
Ne2+ 0-1

[Event "Championnat de France - Open A"]
[Site "Pau"]
[Date "2008.08.20"]
[Round "8.30"]
[White "Lamberti, Hugo"]
[Black "Laurent, Maxime"]
[Result "1/2-1/2"]
[WhiteElo "2101"]
[BlackElo "2033"]
[PlyCount "51"]

1. e4 e6 2. d4 d5 3. Nc3 Bb4 4. e5 c5 5. Bd2 Ne7 6. Nb5 Bxd2+ 7. Qxd2 O-O 8. c3
Nbc6 9. Nf3 a6 10. Nd6 Qb6 11. Bd3 f6 12. exf6 Rxf6 13. Nxc8 Rxc8 14. O-O cxd4
15. cxd4 Ng6 16. Bxg6 Rxg6 17. Rfe1 Rf8 18. Ne5 Nxe5 19. Rxe5 Rg4 20. Qe2 Qxd4
21. Rxe6 Rgf4 22. Rf1 Qc5 23. Re8 d4 24. Rxf8+ Rxf8 25. Qd3 Qd5 26. Rd1 1/2-1/2

[Event "Championnat de France - Open A"]
[Site "Pau"]
[Date "2008.08.20"]
[Round "8.31"]
[White "Venner, Laurent"]
[Black "Lallement, Victor"]
[Result "0-1"]
[WhiteElo "2029"]
[BlackElo "2097"]
[PlyCount "62"]

1. d4 Nf6 2. Nf3 c5 3. c3 e6 4. Bf4 d5 5. e3 Nc6 6. Nbd2 cxd4 7. exd4 Bd6 8.
Bg3 O-O 9. Bd3 Re8 10. O-O Bxg3 11. hxg3 Ng4 12. Re1 Qf6 13. Qe2 g6 14. Nb3 b6
15. Bb5 Bd7 16. a4 Qd8 17. Qd2 a6 18. Bd3 e5 19. dxe5 Ngxe5 20. Nxe5 Nxe5 21.
a5 bxa5 22. Rxa5 Qb6 23. Ra3 Nxd3 24. Rxe8+ Rxe8 25. Qxd3 Re1+ 26. Kh2 Qxf2 27.
Qd4 Qf1 28. g4 Qh1+ 29. Kg3 g5 30. Nd2 Re3+ 31. Nf3 Qh4# 0-1

[Event "Championnat de France - Open A"]
[Site "Pau"]
[Date "2008.08.20"]
[Round "8.32"]
[White "Allorant, Adrien"]
[Black "Fievet, Patrick"]
[Result "0-1"]
[WhiteElo "2011"]
[BlackElo "2091"]
[PlyCount "44"]

1. d4 d5 2. c4 c6 3. Nf3 Nf6 4. Nc3 dxc4 5. a4 Bf5 6. e3 e6 7. Bxc4 Bb4 8. O-O
O-O 9. Qe2 Nbd7 10. e4 Bg6 11. Bd3 Bh5 12. e5 Nd5 13. Nxd5 cxd5 14. Be3 f6 15.
Bb5 fxe5 16. Bxd7 Qxd7 17. dxe5 Rxf3 18. gxf3 Qf7 19. Bc1 Bxf3 20. Qe3 Rf8 21.
Ra3 Bxa3 22. bxa3 h6 0-1

[Event "Championnat de France - Open A"]
[Site "Pau"]
[Date "2008.08.20"]
[Round "8.33"]
[White "Normand, Vincent"]
[Black "Jouneau, Quentin"]
[Result "1/2-1/2"]
[WhiteElo "2090"]
[BlackElo "1978"]
[PlyCount "117"]

1. e4 Nf6 2. Nc3 d5 3. exd5 Nxd5 4. Nf3 Nxc3 5. bxc3 Bg4 6. Bc4 e6 7. Qe2 Nd7
8. d4 Nb6 9. Bd3 Bd6 10. Qe4 Bxf3 11. Qxf3 c6 12. Qg4 g6 13. Bg5 Be7 14. Bh6
Nd5 15. Bd2 h5 16. Qe2 Bg5 17. g3 Bxd2+ 18. Qxd2 Qa5 19. c4 Qxd2+ 20. Kxd2 Nf6
21. h3 O-O-O 22. Ke3 Rd7 23. Rhd1 Rhd8 24. Be2 c5 25. c3 Ng8 26. g4 hxg4 27.
hxg4 f5 28. f4 Nf6 29. g5 Ne4 30. dxc5 Rxd1 31. Rxd1 Rxd1 32. Bxd1 e5 33. Bc2
Nxc5 34. Bd1 Ne6 35. fxe5 Kd7 36. Bf3 b6 37. Bd5 Nxg5 38. Bg8 Ne6 39. Kf3 g5
40. Bh7 g4+ 41. Kg3 Ng7 42. Bg8 Ke7 43. Kh4 a5 44. a3 Ne8 45. Kg3 Kf8 46. Be6
Ng7 47. Bc8 Ke7 48. Kh4 Ne6 49. Kg3 Kf7 50. Kh4 Ng7 51. Kg5 g3 52. Bb7 Ke6 53.
Kf4 Nh5+ 54. Kg5 g2 55. Bxg2 Ng3 56. Kf4 Ne2+ 57. Ke3 Nxc3 58. Kd4 Ne2+ 59. Ke3
1/2-1/2

[Event "Championnat de France - Open A"]
[Site "Pau"]
[Date "2008.08.20"]
[Round "8.34"]
[White "Galby, Vassili"]
[Black "Dubocage, Claude"]
[Result "1-0"]
[WhiteElo "2086"]
[BlackElo "1970"]
[PlyCount "75"]

1. Nf3 g6 2. c4 Bg7 3. e4 d6 4. d4 Nf6 5. Nc3 O-O 6. Be2 e5 7. O-O Nc6 8. d5
Ne7 9. Ne1 Ne8 10. Nd3 f5 11. Bd2 Rf7 12. Rc1 Nf6 13. f3 f4 14. c5 g5 15. Nb5
Ng6 16. Ba5 b6 17. cxd6 cxd6 18. Be1 Bf8 19. Nb4 h5 20. Nc6 Qc7 21. Ncxa7 Rxa7
22. Nxa7 Qxa7 23. Rxc8 g4 24. fxg4 f3 25. Bxf3 Nf4 26. gxh5 Qa6 27. Qc2 Ng4 28.
Qc4 b5 29. Qc6 Qa7+ 30. Kh1 Nd3 31. h3 Nxe1 32. Rxe1 Qf2 33. Qc1 Rxf3 34. Rc2
Rxh3+ 35. gxh3 Qf3+ 36. Rg2 Qxh3+ 37. Kg1 Bh6 38. Qxh6 1-0

[Event "Championnat de France - Open A"]
[Site "Pau"]
[Date "2008.08.20"]
[Round "8.35"]
[White "Billon, Olivier"]
[Black "Donskoi, Karel"]
[Result "0-1"]
[WhiteElo "1999"]
[BlackElo "2084"]
[PlyCount "79"]

1. e4 c5 2. Nf3 Nc6 3. d4 cxd4 4. Nxd4 e5 5. Nb5 a6 6. Nd6+ Bxd6 7. Qxd6 Qf6 8.
Qd1 Qg6 9. Nc3 d5 10. Nxd5 Qxe4+ 11. Ne3 Nf6 12. Bd3 Qb4+ 13. c3 Qe7 14. Bf5 g6
15. Bxc8 Rxc8 16. O-O Rd8 17. Qf3 e4 18. Qg3 Ne5 19. Nc2 Nh5 20. Qe3 Nd3 21. b3
Nxc1 22. Raxc1 O-O 23. Rcd1 f5 24. f4 Rxd1 25. Rxd1 Rd8 26. Rd4 Rxd4 27. Nxd4
Nf6 28. g3 Nd5 29. Qe2 Qc5 30. Qd2 Qxc3 31. Qxc3 Nxc3 32. a4 Kf7 33. Kf2 Nd5
34. Ke2 Kf6 35. a5 Nb4 36. Ke3 Nc6 37. Nxc6 bxc6 38. b4 g5 39. Kd4 gxf4 40.
gxf4 0-1

[Event "Championnat de France - Open A"]
[Site "Pau"]
[Date "2008.08.20"]
[Round "8.36"]
[White "Redon, Bruno"]
[Black "Ruch, Bernard"]
[Result "1/2-1/2"]
[WhiteElo "2164"]
[BlackElo "2022"]
[PlyCount "29"]

1. e4 e6 2. d4 d5 3. exd5 exd5 4. Bd3 Bd6 5. Nf3 Qe7+ 6. Be3 Bf4 7. O-O Bxe3 8.
fxe3 Qxe3+ 9. Kh1 Be6 10. c4 Nf6 11. Re1 Qf4 12. cxd5 Nxd5 13. Qa4+ c6 14. Qa3
Qf6 15. Qd6 1/2-1/2